000 00606nam a2200229Ia 4500
003 OSt
005 20230417102616.0
008 210423s2009 xx 000 0 und d
020 _a8176466433
040 _cAL
041 _aeng
082 _a070.1 PRAK
_223
100 _aPRASAD (Kiran),Ed
_989116
245 _aE-Journalism: new media and news media
260 _aDelhi
_bB R Publishing Corporation
_c2009
300 _axi,388
_bPB
365 _b1250
_cINR
650 _aGeneral
_989117
650 _aMass Media
_989118
906 _aE-Journalism: ; media ; media. ; new ; news
942 _2ddc
_cBK
999 _c159401
_d159401